000 00295nam a2200121Ia 4500
008 230822s2013 xx 000 0 und d
020 _a978-93-5009-685-7
041 _aeng
100 _aCHALLONER JACK
245 _a1001 INVENTIONS THAT CHANGED THE WORLD
260 _bNA
_c2013
300 _a960
999 _c858842
_d858842